000 02157cam a22005174i 4500
003 PE-LiUPU
005 20250731173531.0
008 150616s r 000 0 d
020 _a0801020123
035 _a(Sirsi) i9780801020124
040 _aPE-LiUPU
_bspa
_cPE-LiUPU
_erda
049 _aPRUA
082 0 4 _b
_221
100 1 _aFaw, Harold W.,
_eautor.
245 1 0 _aPsychology in Christian perspective :
_ban analysis of key issues.
264 1 _aGrand Rapids, Michigan :
_bBaker Books,
_c1997.
300 _a200 páginas ;
_c22 centímetros
336 _atext
_2rdacontent
337 _aunmediated
_2rdamedia
338 _avolume
_2rdacarrier
500 _aing. 42286: 23e97.
504 _aIncluye bibliografía.
505 0 _aFoundational issues and perspectives.- Braian and behavior.- Sensation and perception.- State of consciousness.- Conditioning and learning.- Memory, thought and intelligence.- Motivation and emotion.- Development through the lifespan.- Human personality.- Normality and pathology.- Therapy and healt.- Social influence.
526 _aSEG42
526 _aSEG41
526 _aSEG40
526 _aSEG39
526 _aP94
526 _aP87
526 _aP86
526 _aP85
526 _aP77
526 _aP76
526 _aP35
650 0 4 _aPSICOLOGIA Y RELIGION.
910 _ajck
_bjvq
_cjck
942 _2ddc
_cBOOK
949 _a261.515 F26
_wDEWEY
_c1
_i45220
_lCCODEBUL1
_mBUL
_r0
_sY
_tBOOK
_u2015-4-23
_xTEOLOGIA
_zUNKNOWN
_0COMPRA
_o.STAFF. Colección General
949 _a261.515 F26
_wDEWEY
_c2
_i42286
_lCCODEBUL1
_mBUL
_r0
_sY
_tBOOK
_u2015-6-16
_xTEOLOGIA
_zUNKNOWN
_0COMPRA
_o.STAFF. Colección General
994 _aC0
_bPEPRU
596 _a1
999 _a261.515 F26
_wDEWEY
_c60116
_i45220
_f2021-11-10
_g5
_lCCODEBUL1
_mBUL
_r0
_sY
_tBOOK
_u2015-4-23
_xTEOLOGIA
_zUNKNOWN
_0COMPRA
_o.STAFF. Colección General
_d60116
999 _a261.515 F26
_wDEWEY
_c2
_i42286
_f2021-11-10
_g5
_lCCODEBUL1
_mBUL
_r0
_sY
_tBOOK
_u2015-6-16
_xTEOLOGIA
_zUNKNOWN
_0COMPRA
_o.STAFF. Colección General
980 _81
_gALBERTO SANCHEZ Responsable de Automatización